Sections of Alps on a map - Statistics

General Stats
  • This quiz has been taken 1,111 times
  • The average score is 10 of 36
Answers on the Map
Answers color-coded by a green-red scale on the quiz's map according to % correct below.
 
Answer Stats
Answer % Correct
Bavarian Alps
67%
Maritime Alps
52%
Ligurian Alps
48%
Slovenian Prealps
44%
Provence Alps and Prealps
43%
Swiss Prealps
43%
Venetian Prealps
41%
Dolomites
38%
Lugano Prealps
36%
Savoy Prealps
35%
Carinthian-Slovenian Alps
33%
Northern Salzburg Alps
33%
Bernese Alps i.t.w.m.
31%
Dauphiné Alps
31%
Dauphiné Prealps
29%
Brescia and Garda Prealps
28%
North Tyrol Limestone Alps
28%
Northern Lower Austria Alps
27%
Carinthian-Styrian Alps
22%
Bergamasque Alps and Prealps
21%
Glarus Alps i.t.w.m.
20%
Julian Alps and Prealps
20%
Northern Styrian Alps
20%
Styrian Prealps
19%
Salzkammergut and Upper Austria Alps
18%
Tyrol Schistose Alps
18%
Pennine Alps
14%
Cottian Alps
13%
Eastern Rhaetian Alps
13%
Eastern Tauern Alps
12%
Graian Alps
12%
Southern Rhaetian Alps
12%
Western Rhaetian Alps
12%
Western Tauern Alps
11%
Lepontine Alps
10%
Carnic and Gailtal Alps
9%
No matching quizzes found
Score Distribution
Percent of People with Each Score
Percentile by Number Answered
Your Score History
You have not taken this quiz